| 000 | 00429nam a2200157Ia 4500 | ||
|---|---|---|---|
| 008 | 220216s9999 xx 000 0 und d | ||
| 100 | _aPandy K K | ||
| 245 | 0 | _aAccelerated weathering of wood surfaces modified by chromium trioxide | |
| 260 |
_bHolzforschung _c1998 |
||
| 300 | _a467-471 | ||
| 500 | _aCAB CD 1998 | ||
| 650 | _aChemical modification | ||
| 650 | _aWeathering properties | ||
| 700 | _aKhali D P | ||
| 942 | _cBO | ||
| 999 |
_c47852 _d47852 |
||